Capitales d'Europe les moins ensoleillées - Statistiques

Statistiques générales
  • Ce quiz a été pris 132 fois
  • Le résultat moyen est 7 sur 10
Statistiques - réponses
Heures/an Capitale % Correct
1633 Londres
90%
1662 Paris
86%
1626 Berlin
81%
1447 Dublin
80%
1546 Bruxelles
76%
1323 Reykjavik
71%
1662 Amsterdam
70%
1619 Varsovie
67%
1588 Vilnius
46%
1516 Vaduz
25%
Aucun quiz correspondant
Distribution des résultats
% des personnes avec chaque résultat
Percentile par nombre de réponses
Votre historique - résultats
Vous n’avez pas pris ce quiz